000 01448naa a22003497a 4500
001 BR9402738
003 BR-BrBNA
005 20250721155508.0
007 ta
008 250630b bl.|||m| |||| 00| 0 por d
040 _aBR-BrBNA
_bpor
_cBiblioteca Nacional de Agricultura
041 _a(Pt)
072 _aP10; F06; P11
090 _aP10 BR9402738
100 1 _aMachado, E.S.
100 1 _aSamek, J.L.
100 1 _aVaine, J.L.
100 1 _aRosa, L.N. da
100 1 _aQuandt, M.R.
100 1 _aRoorda, M.S.
100 1 _aMarques, T.P.
245 1 _aRestricoes hidro-ecologicas
500 _aPotencial de uso agricola das areas de varzea do Estado do Parana; vol. 2. Bacias hidrograficas dos rios Cinzas e Laranjinha, Iapo, Iguacu, Piquiri, Pirapo, Tibagi e Litoral Henklain, J.C. (coord.) Londrina, PR (Brasil): 1994. p. 79-86 [7 ref.] (BR9402738-AMS)
773 0 _tPotencial de uso agricola das areas de varzea do Estado do Parana; vol. 2. Bacias hidrograficas dos rios Cinzas e Laranjinha, Iapo, Iguacu, Piquiri, Pirapo, Tibagi e Litoral
_aHenklain, J.C. (coord.). Instituto Agronomico do Parana, Londrina (Brasil)
_wP10 BR9402738
_gLondrina, PR (Brasil), 1994. p. 79-86
650 _aRecurso Hidrico
650 _aIrrigacao
650 _aDrenagem
650 _aParana
490 _aBoletim Tecnico - Instituto Agronomico do Parana (Brazil)
_vno. 24
942 _cAMS
_2AGRIS
909 _a202506
_bLúcia
_c55
_dLúcia Elande
999 _c336834
_d336834